000 00649nam a2200241 a 4500
005 20140310183419.0
008 070920s19uu xx 00 eng d
020 _a0071253289
050 _aBF 713
_b.P35 2007
100 _aPapalia, Diane E.
245 _aHuman development /
_cDiane E. Papalia.
250 _a10th ed.
260 _aU.S.A :
_bMcGraw-Hill, Inc,
_c2010.
300 _a738 p. :
_bill. ;
_c26 cm.
521 _aPSYCH
650 _aChild development.
650 _aDevelopmental Psychology.
700 _aOlds, Sally Wendkos
700 _aFeldman, Ruth Duskin
942 _cBK
_2lcc
_kFOR
999 _c22596
_d22596